000 00696nam a2200229 i 4500
003 DO-SdBNP
005 20240523093206.0
007 ta
008 240523b1996 dr ||||| |||| 00| 0 spa d
040 _aDO-SdBNP
_bspa
_cBNPHU
_erda
082 4 _222
_bA742c
100 _aArnaiz, Francisco José
_eautor
_949368
245 1 0 _aComprometida con el desarrollo /
_cFrancisco José Arnaiz
264 _aSantiago :
_bPontificia Universidad Católica Madre y Maestra,
_c1996.
300 _a16 páginas ;
_c23 cm.
336 _2rdacontent
_atexto
_btxt
337 _2rdamedia
_asin mediación
_bn
338 _2rdacarrier
_avolumen
_bnc
590 _aInventariado, 2024/DG
910 _aDG
942 _2ddc
_cLF2
999 _c56721
_d56721